000 00881nam a22002897a 4500
001 BR2014005800
003 BR-BrBNA
005 20230928104505.0
007 ta
008 230509b bl.||||| |||| 00| 0 por d
040 _aBR-BrBNA
_bpor
_cBiblioteca Nacional de Agricultura
041 _a(Por)
072 _aP10
090 _ P10 BR2014005800
110 1 _aMinistério do Meio Ambiente, Brasília, DF (Brasil). Secretaria de Recursos Hídricos
_97132
245 1 _aCaderno da região hidrográfica atlântico leste
260 3 _aBrasília, DF (Brasil):
_c2006.
300 _a156 p.
500 _a14 ref.; Summary (Por); 65 illus.; 15 tables
650 _aRECURSO HÍDRICO
650 _aHIDROGRAFIA
650 _aBACIA HIDROGRÁFICA
650 _aBALANÇO HÍDRICO
650 _aDESENVOLVIMENTO ECONÔMICO
909 _a202309
_bLucia
_c55
_dLucia Elande
942 _cBK
999 _c80208
_d80208